000 00931cam a2200277 a 4500
001 4473188
003 OSt
005 20150720143016.0
008 961125s1997 nyu b 001 0 eng
010 _a 96046723
020 _a0812927907 (alk. paper)
040 _aSEKU
050 0 0 _aR 726
_b.S5 1997
100 1 _aSmith, Wesley J.
245 1 0 _aForced exit :
_bthe slippery slope from assisted suicide to legalized murder /
_cWesley J. Smith.
250 _a1st ed.
260 _aNew York :
_bTimes Books,
_cc1997.
300 _axxvi, 291 p. ;
_c25 cm.
504 _aIncludes bibliographical references (p. [259]-277) and index.
650 0 _aAssisted suicide.
650 1 2 _aSuicide, Assisted
_xtrends
_zUnited States.
650 2 2 _aEuthanasia
_xtrends
_zUnited States.
650 2 2 _aEthics, Medical.
856 4 2 _3Publisher description
_uhttp://www.loc.gov/catdir/description/random0411/96046723.html
942 _2lcc
_cGEN
999 _c6399
_d6399